000 00242nam a2200097Ia 4500
082 _aJ 669 LLEW
245 0 _aMetal
100 _a LLEWELLYN,Claire ** London, 2R5 ** *
_9110322
942 _cBK
008 210825s9999 xx 000 0 und d
999 _c499674
_d499673